पत्रकारिता के युग निर्माताः धर्मवीर भारती / (Record no. 52975)

MARC details
000 -LEADER
fixed length control field 01204nam a22002777a 4500
005 - DATE AND TIME OF LATEST TRANSACTION
control field 20080905121451.0
008 - FIXED-LENGTH DATA ELEMENTS--GENERAL INFORMATION
fixed length control field 110608t xxu||||| |||| 00| 0 hin d
010 ## - LCCN (DPL NO)
LC control number HIN-92956
020 ## - INTERNATIONAL STANDARD BOOK NUMBER
Terms of availability 150.00
International Standard Book Number 9788173158643
035 ## - SYSTEM CONTROL NUMBER
System control number HN-65302
037 ## - SOURCE OF ACQUISITION
Source of stock number/acquisition DBAD / PUB
040 ## - CATALOGING SOURCE
Original cataloging agency DPL
Language of cataloging HN
082 ## - DEWEY DECIMAL CLASSIFICATION NUMBER
Classification number 820.92
100 ## - MAIN ENTRY--PERSONAL NAME
9 (RLIN) 28442
Personal name मिश्र, सुधांशु
245 ## - TITLE STATEMENT
Title पत्रकारिता के युग निर्माताः धर्मवीर भारती /
Statement of responsibility, etc सुधांशु मिश्र
246 ## - VARYING FORM OF TITLE
Title proper/short title Patrakarita ke Yug Nirmata: Dharmavir Bharati
Remainder of title by Surya Narayan Ransubhe
260 ## - PUBLICATION, DISTRIBUTION, ETC. (IMPRINT)
Place of publication, distribution, etc दिल्ली
Name of publisher, distributor, etc प्रभात प्रकाशन
Date of publication, distribution, etc 2010
270 ## - ADDRESS
Address 4/19 आसफ अली रोड
City दिल्ली
Postal code 110002
300 ## - PHYSICAL DESCRIPTION
Extent 128पृ
Dimensions 22सेमी (सजिल्द)
650 ## - SUBJECT ADDED ENTRY--TOPICAL TERM
9 (RLIN) 28443
650 ## - SUBJECT ADDED ENTRY--TOPICAL TERM
9 (RLIN) 28455
700 ## - ADDED ENTRY--PERSONAL NAME
9 (RLIN) 28521
700 ## - ADDED ENTRY--PERSONAL NAME
9 (RLIN) 28536
942 ## - ADDED ENTRY ELEMENTS (KOHA)
Institution code [OBSOLETE] dpl
Item type Hindi Books
Source of classification or shelving scheme Dewey Decimal Classification
Call number suffix मिश्रसु
Classification part 820.92
Holdings
Withdrawn status Lost status Source of classification or shelving scheme Damaged status Not for loan Collection code Home library Current library Date acquired Source of acquisition Cost, normal purchase price Total Checkouts Full call number Barcode Date last seen Copy number Cost, replacement price Koha item type
    Dewey Decimal Classification   Not For Loan Non-fiction D.B.Act.Division D.B.Act.Division 17/06/2011 DBAD / PUB 150.00   820.92 मिश्रसु HN-65302 17/06/2011 1 150.00 Hindi Books

© Delhi Public Library
Hit Counter
free hit counter